书目信息 |
| 题名: |
电磁学思考题分析与解答
|
|
| 作者: | ;四川师范学院电磁学教研组 编 | |
| 分册: | ||
| 出版信息: | 上海 上海科学技术出版社 1984 |
|
| 页数: | 323页 | |
| 开本: | 20cm | |
| 丛书名: | ||
| 单 册: | ||
| 中图分类: | O441-44 | |
| 科图分类: | ||
| 主题词: | 电磁学--习题 , 电磁学--问答 | |
| 电子资源: | ||
| ISBN: | ||
| 000 | 00635nam0 2200205 45 | |
| 001 | 0312221749 | |
| 005 | 20060424104357.00 | |
| 010 | @dCNY1.20 | |
| 091 | @a13119.1172 | |
| 100 | @a20031222d1984 km y0chiy0120 ea | |
| 101 | @achi | |
| 200 | 1 | @a电磁学思考题分析与解答@ADian Ci Xue Si Kao Ti Fen Xi Yu Jie Da@f四川师范学院电磁学教研组编@FSi Chuan Shi Fan Xue Yuan Dian Ci Xue Jiao Yan Zu Bian |
| 210 | @a上海@c上海科学技术出版社@d1984 | |
| 215 | @a323页@d20cm | |
| 606 | 0 | @a电磁学@x习题 |
| 606 | 0 | @a电磁学@x问答 |
| 690 | @aO441-44@v3 | |
| 711 | 02 | @a四川师范学院电磁学教研组@4编 |
| 801 | @aCN@bTSTCL@c20060424 | |
| 905 | @dO441-44@e26 | |
| 电磁学思考题分析与解答/四川师范学院电磁学教研组编.-上海:上海科学技术出版社,1984 |
| 323页;20cm |
| ISBN :CNY1.20 |
| ● |
| 相关链接 |
|
|
|
|
正题名:电磁学思考题分析与解答
索取号:O441-44/26
 
预约/预借
| 序号 | 登录号 | 条形码 | 馆藏地/架位号 | 状态 | 备注 |
| 1 | 0120049 | 202275224 | 密集书库/ [索取号:O441-44/26] | 在馆 | |
| 2 | 0120051 | 202275386 | 密集书库/ [索取号:O441-44/26] | 在馆 | |
| 3 | 0120054 | 202275304 | 密集书库/ [索取号:O441-44/26] | 在馆 | |
| 4 | 0120057 | 202248040 | 密集书库/ [索取号:O441-44/26] | 在馆 | |
| 5 | 0120058 | 202275493 | 密集书库/ [索取号:O441-44/26] | 在馆 | |
| 6 | 0120061 | 202267947 | 密集书库/ [索取号:O441-44/26] | 在馆 | |
| 7 | 0120063 | 202275313 | 密集书库/ [索取号:O441-44/26] | 在馆 | |
| 8 | 0120064 | 202248004 | 密集书库/ [索取号:O441-44/26] | 在馆 | |
| 9 | 0120067 | 001457195 | 第三借阅区/ [索取号:O441-44/26] | 在馆 | |
| 10 | 0120068 | 202142494 | 密集书库/ [索取号:O441-44/26] | 在馆 | |
| 11 | 0120070 | 202275260 | 密集书库/ [索取号:O441-44/26] | 在馆 | |
| 12 | 0120071 | 202248120 | 密集书库/ [索取号:O441-44/26] | 在馆 | |
| 13 | 0120072 | 202275233 | 密集书库/ [索取号:O441-44/26] | 在馆 | |
| 14 | 0120073 | 202275340 | 密集书库/ [索取号:O441-44/26] | 在馆 | |
| 15 | 0120077 | 202275359 | 密集书库/ [索取号:O441-44/26] | 在馆 | |
| 16 | 0120078 | 202275279 | 密集书库/ [索取号:O441-44/26] | 在馆 |